| 000 | 00540nam a22001817a 4500 | ||
|---|---|---|---|
| 005 | 20250405153139.0 | ||
| 008 | 250405b |||||||| |||| 00| 0 eng d | ||
| 020 | _a9780748336159 | ||
| 020 | _a074833615X | ||
| 050 | _aHF5630 | ||
| 245 |
_aACCA Textbooks: _bPAPER 6 - Audit Framework / |
||
| 250 | _bThe Official ACCA Series | ||
| 260 |
_aMiddlesex _bAT Foulks Lynch Ltd. _cc1997 |
||
| 300 |
_axvi, 377pgs _billustrations, index _c29cm |
||
| 500 | _aCertificate Stage. Module C. Audit Framework. | ||
| 650 | _2Auditing | ||
| 942 |
_2lcc _cBK |
||
| 999 |
_c5369 _d5369 |
||